Les jeux Sonic - Statistiques

Statistiques générales
  • Ce quiz a été pris 121 fois
  • Le résultat moyen est 27 sur 62
Statistiques - réponses
Console Année Jeu % Correct
Megadrive 1991 Sonic the Hedgehog
90%
PS3, Xbox 360 2006 Sonic the Hedgehog
90%
Master System, Game Gear, Megadrive 1992 Sonic the Hedgehog 2
87%
Saturn, PC 1997 Sonic R
86%
Megadrive 1994 Sonic the Hedgehog 3
84%
Dreamcast, Gamecube, Xbox 360, PS3 1998, 2003 Sonic Adventure
77%
Dreamcast, Gamecube 2001 Sonic Adventure 2
73%
Mega-CD, PC 1993 Sonic CD
73%
PS4, PS5, Xbox One, PC Xbox Series X, Switch 2022 Sonic Frontiers
72%
PS4, Xbox One, Switch, PC 2017 Sonic Mania
67%
Wii, DS,PS4 2010, 2021 Sonic Colours
66%
DS 2005 Sonic Rush
66%
PS2, PS3, Xbox 360, Wii 2008 Sonic Unleashed
66%
PS2, Gamecube, Xbox 2005 Shadow the Hedgehog
64%
PS4, Xbox One, Switch, PC 2017 Sonic Forces
64%
PS2, Gamecube, Xbox, PC 2003 Sonic Heroes
59%
Game Boy Advance, N-Gage 2001 Sonic Advance
58%
Wii 2007 Sonic and the Secret Rings
58%
Wii U 2014 Sonic Boom: L’Ascension de Lyric
58%
3DS 2014 Sonic Boom: Le cristal brisé
58%
3DS 2016 Sonic Boom; Le feu et la glace
58%
Megadrive 1994 Sonic and Knuckles
57%
Game Boy Advance 2002 Sonic Advance 2
55%
Wii U, 3DS, PC 2013 Sonic Lost World
55%
Game Boy Advance 2004 Sonic Advance 3
52%
PS3, Xbox 360, Wii, PC iPhone, Android 2010 Sonic the Hedgehog 4 : Episode 1
51%
PS3, Xbox 360, 3DS, PC 2012 Sonic the Hedgehog 4 : Episode 2
51%
Wii 2009 Sonic et le Chevalier Noir
49%
PS2, Gamecube, Xbox, PC 2006 Sonic Riders
46%
Wii, DS 2007, 2008 Mario et Sonic aux Jeux Olympiques
42%
PSP 2006 Sonic Rivals
37%
PS4, Xbox One, Switch, PC 2019 Team Sonic Racing
37%
32X 1995 Knuckles' Chaotix
35%
Wii, DS 2009 Mario et Sonic aux Jeux Olympiques d'hiver
35%
Game Boy Advance 2003 Sonic Battle
35%
DS 2008 Sonic Chronicles: La Confrérie des ténèbres
35%
PSP 2007 Sonic Rivals 2
35%
PS2, Wii 2008 Sonic Riders: Zero Gravity
33%
PS3, Xbox 360, Wii, DS, PC 2010 Sonic and Sega All-Stars Racing
31%
Game Gear 1996 Sonic Blast
30%
Xbox 360 2010 Sonic Free Riders
29%
Microsoft Windows, macOS 2023 The Murder of Sonic the Hedgehog
28%
Game Gear 1995 Tails' Adventure
25%
Wii, 3DS 2011, 2012 Mario et Sonic aux Jeux Olympiques de Londres 2012
24%
Game Gear 1994 Sonic Drift
24%
Dreamcast 2000 Sonic Shuffle
24%
PS3, Xbox 360, Wii U, 3DS, PS Vita, PC 2012 Sonic and All-Stars Racing Transformed
23%
Game Gear 1994 Sonic the Hedgehog: Triple Trouble
23%
Wii U, 3DS 2016 Mario et Sonic aux Jeux Olympiques de Rio 2016
22%
Game Gear 1992 Sonic Drift 2
22%
Switch 2019 Mario et Sonic aux Jeux Olympiques de Tokyo 2020
20%
Master System, Game Gear 1993 Sonic the Hedgehog Chaos
19%
Master System, Game Gear, Megadrive 1993 Sonic the Hedgehog Spinball
18%
Game Gear 1995 Sonic Labyrinth
17%
Game Gear 1995 Tails' Skypatrol
17%
Master System, Game Gear, Megadrive 1993 Dr. Robotnik's Mean Bean Machine
14%
Megadrive 1991 Sonic Eraser
14%
Neo-Geo Pocket Color 1999 Sonic the Hedgehog: Pocket Adventure
13%
Megadrive, Saturn, PC 1996 Sonic 3D Flickies' Island
12%
Game Boy Advance 2003 Sonic Pinball Party
11%
Wii U 2013 Mario et Sonic aux Jeux Olympiques d'hiver de Sotchi 2014
10%
DS 2007 Sonic Rush Advanture
10%
Aucun quiz correspondant
Distribution des résultats
% des personnes avec chaque résultat
Percentile par nombre de réponses
Votre historique - résultats
Vous n’avez pas pris ce quiz